New sources of resistance - cacao germplasm evaluation for natural incidence of witches' broom (Registro n. 9302)
[ somente texto ]
| 000 -LÍDER | |
|---|---|
| fixed length control field | 03894nab a2200277 i 4500 |
| 003 - CÓDIGO MARC DA AGÊNCIA CATALOGADORA | |
| Campo de controle | BR-BrBNA |
| 005 - DATA E HORA DA ÚLTIMA ATUALIZAÇÃO | |
| Campo de controle | 20230824101119.0 |
| 008 - CAMPO DE TAMANHO FIXO | |
| fixed length control field | 230605b2021 bl.ar|pooa||| 00| 0 eng | |
| 040 ## - FONTE DA CATALOGAÇÃO | |
| Agência catalogadora | BR-BrBNA |
| Idioma da catalogação | eng |
| 072 ## - CATEGORIA AGRIS | |
| Código AGRIS | H20 |
| Código do objeto | 2110 |
| 100 ## - ENTRADA PRINCIPAL - NOME PESSOAL | |
| Nome pessoal | Pires, José Luis |
| 100 ## - ENTRADA PRINCIPAL - NOME PESSOAL | |
| Nome pessoal | Luz, Edna Dora Martins Newman |
| 100 ## - ENTRADA PRINCIPAL - NOME PESSOAL | |
| Nome pessoal | Melo, Gilson Roberto Pires |
| 245 ## - TÍTULO PRINCIPAL | |
| Título principal | New sources of resistance - cacao germplasm evaluation for natural incidence of witches' broom |
| 500 ## - NOTA GERAL | |
| Nota geral | Publicação on-line; 19 ref.; 5 tables; Summaries (En, Pt) |
| 942 ## - ADDED ENTRY ELEMENTS (KOHA) | |
| Koha item type | |
| 520 ## - NOTA DE RESUMO | |
| Nota de conteúdo | This study is part of the first ones that came to guide the recurrent selection processes for the association of<br/>resistance genes conducted by the Cocoa Research Center, at Ilhéus, Bahia. Two sets of accessions of the Cocoa<br/>Germoplasm Collection of this Center were evaluated for natural incidence of witches’ broom, the biggest<br/>phytosanitary problem for cacao cultivation in Brazil. For the first set, which consisted of 573 accessions, it was<br/>considered the incidence of brooms on pods of up to 10 plants per row, with one or two rows of each accession, in<br/>five years of evaluation. For the second, formed by 154 genotypes pre-selected among the accessions introduced<br/>in the period with indications of good performance in relation to witches’ broom, it was computed seven removals<br/>of vegetative brooms in the canopy, being each accession represented by one to three rows with up to seven<br/>plants. For both sets, a large number of genotypes of different origins were observed among the resistant ones,<br/>indicating the perspective of the occurrence of different resistance genes and possibilities of genetic gain in<br/>associating these different genes.<br/><br/>Key words: Moniliophthora perniciosa, plant breeding, Theobroma cacao.<br/><br/><br/> |
| 520 ## - NOTA DE RESUMO | |
| Nota de conteúdo | Novas fontes de resistência - avaliação de germoplasma do cacaueiro para incidência natural da vassoura de bruxa. <br/><br/>Este trabalho é parte dos primeiros estudos que vieram<br/>nortear os processos de seleção recorrentes para associação de genes de resistência conduzidos pelo Centro de<br/>Pesquisas do Cacau, em Ilhéus, Bahia. Dois conjuntos de acessos da Coleção de Germoplasma deste Centro foram<br/>avaliados quanto à incidência natural de vassoura de bruxa, o maior problema fitossanitário da cacauicultura no<br/>Brasil. Para o primeiro conjunto, com 573 acessos, foi considerada a incidência de vassouras em frutos de até 10<br/>plantas por fileira, com uma ou duas fileiras por cada acesso, em cinco anos de avaliação. Para o segundo, formado<br/>por 154 genótipos pré-selecionados entre os acessos introduzidos no período com perspectivas de bom desempenho<br/>em relação à vassoura de bruxa, foram computadas sete remoções de vassouras vegetativas na copa, sendo cada<br/>acesso representado por de uma a três fileiras, com até sete plantas cada. Para ambos os conjuntos, foi observado<br/>um grande número de genótipos de diferentes origens entre os resistentes, indicando a perspectiva de ocorrência<br/>de diferentes genes de resistência e possibilidades de ganho genético na associação desses diferentes genes.<br/><br/>Palavras-chave: Moniliophthora perniciosa, melhoramento de plantas, Theobroma cacao. |
| 650 ## - ASSUNTO - THESAGRO | |
| Cabeçalho tópico ou nome geográfico | VASSOURA DE BRUXA |
| 650 ## - ASSUNTO - THESAGRO | |
| Cabeçalho tópico ou nome geográfico | MELHORAMENTO VEGETAL |
| 650 ## - ASSUNTO - THESAGRO | |
| Cabeçalho tópico ou nome geográfico | THEOBROMA CACAO |
| 773 0# - ENTRADA ANALÍTICA | |
| Host Biblionumber | 1823 |
| Registro do item | 25140 |
| Imprenta | Itabuna-BA Comissão Executiva do Plano de Lavoura Cacaueira 1989 |
| Outro identificador | 2023-435719 |
| Título | Agrotrópica (Brazil) |
| ISSN | 0103-3816 |
| Colação | v. 33(2) p. 91-100; (May-Aug 2021) |
| Número de controle de registro | BR2023000614 |
| 856 ## - ACESSO E ENDEREÇO ELETRÔNICO | |
| Identificador uniforme de recurso - URI | https://www.gov.br/agricultura/pt-br/assuntos/ceplac/publicacoes/revista-agrotropica/artigos/2021/01033816.2021v33n2p91100.pdf |
| 856 ## - ACESSO E ENDEREÇO ELETRÔNICO | |
| Identificador uniforme de recurso - URI | https://www.gov.br/agricultura/pt-br/assuntos/ceplac/publicacoes/revista-agrotropica/revista-volumes/2000-a-2010/RevistaAgrotropicaVol.33n22021.pdf |
Nenhum exemplar disponível.

BINAGRI